000 00653nam a2200277Ia 4500
005 20260324141946.0
008 008 260324s9999 xx 000 0 eng d
020 _a9780203714324
037 _aEBOOK
040 _aCRL
040 _beng
040 _cCRL
041 _2eng
041 _aeng
084 _qCRL
100 _aW.R. Owens; Lizbeth Goodman
_91210151
245 0 _aShakespeare, Aphra Behn and the Canon
260 _bTaylor and Francis
260 _c1996
365 _a
365 _b130
856 _uhttp://www.taylorfrancis.com/books/9780203714324
942 _cEBOOK
999 _c1813803
_d1813803